The AI business : Commercial uses of artificial intelligence
Сохранить в:
| Главный автор: | |
|---|---|
| Формат: | |
| Язык: | Undetermined |
| Опубликовано: |
London
MIT Press
1984
|
| Предметы: | |
| Метки: |
Добавить метку
Нет меток, Требуется 1-ая метка записи!
|
| Thư viện lưu trữ: | Trung tâm Học liệu Trường Đại học Cần Thơ |
|---|
| LEADER | 00537nam a2200193Ia 4500 | ||
|---|---|---|---|
| 001 | CTU_97867 | ||
| 008 | 210402s9999 xx 000 0 und d | ||
| 082 | |a 338.4 | ||
| 082 | |b W783 | ||
| 100 | |a Winston, Patrick H. | ||
| 245 | 4 | |a The AI business : | |
| 245 | 0 | |b Commercial uses of artificial intelligence | |
| 245 | 0 | |c Patrick H. Winston | |
| 260 | |a London | ||
| 260 | |b MIT Press | ||
| 260 | |c 1984 | ||
| 650 | |a Artificial intelligence,Expert systems | ||
| 904 | |i Truc | ||
| 980 | |a Trung tâm Học liệu Trường Đại học Cần Thơ | ||